000 00640nam a22001577a 4500
003 OSt
005 20151117144041.0
008 151117b xxu||||| |||| 00| 0 eng d
040 _cRUA
082 _aFIS គូ 1990 B144 Or.1
100 _93796
_aគូ ប៊ុងឃៀង
245 _aកែសំរួលអោយប្រសើរចរាចរទូក ក្នុងលក្ខ័ណ្ឌនៃទន្លេមេគង្គក្រោមក្នុងតំបន់អរិយក្យត្រ និង គៀនស្វាយ
260 _aPhnom Penh
_bRUA
_c1990
300 _a111p.
_bill.
_c29cm.
942 _2ddc
_cFIS
999 _c3529
_d3529